| 000 | 00472cam a2200181ua 4500 | ||
|---|---|---|---|
| 001 | 5828 | ||
| 008 | 131023n ii |||gr||||Z||||||eng | ||
| 020 | _a81-7041-064-9 | ||
| 040 | _cMAIN | ||
| 082 | _a954 | ||
| 245 | _aRaja Rammohun Roy and The Last Moghuls | ||
| 260 |
_aDelhi: _bAnmol Publications, _c1987. |
||
| 300 | _axv,343p. | ||
| 653 | _aHistory | ||
| 653 | _aRaja Rammohan Roy and The Last Moghuls | ||
| 700 |
_aMajumdar,Jatindra Kumar, _eEditor., |
||
| 942 | _cBK | ||
| 999 |
_c4983 _d4983 |
||